=LDR 00000nam 2200000 4500 =001 INLIS000000000028524 =005 20130612130825 =008 ***********************************Ind** =035 ##$$a0010-061300000028524 =041 ##$$a Ind =082 ##$$a 371.2 =090 ##$$a 371.2, Uno p =100 ##$$a Uno, Hamzah B =245 ##$$a Perencanaan pembelajaran, Hamzah B. Uno =260 ##$$a 2007 $b Jakarta =300 ##$$a ix, 158 hlm, ilus, 23 cm =650 ##$$a Database =850 ##$$a NBPNMAT =990 ##$$a 90470/BPAP-NTB/2014 =990 ##$$a 21400613/BPAP-NTB/20142014